|
|
|
|
| LEADER |
01673nam a2200241 a 4500 |
| 001 |
GR-MES12786 |
| 008 |
070719s gr 000 0 gre d |
| 020 |
|
|
|a 9602866268
|
| 040 |
|
|
|a GrPaTEI
|b gre
|c GR-PaULI
|
| 040 |
|
|
|a GrPaTEI
|b gre
|c GR-PaULI
|
| 082 |
|
0 |
|a 657
|2 21
|
| 100 |
1 |
|
|a Κοντάκος, Αριστοτέλης Γ.
|
| 245 |
1 |
0 |
|a Γενική λογιστική σε ευρώ :
|b έννοιες, αρχές και τεχνικές για τη μελέτη της σύγχρονης λογιστικής (χειρόγραφης και με Η/Υ), σύμφωνα με το Ε.Γ.Λ.Σ. και το Κ.Β.Σ. και τις βασικές γνωματεύσεις του Ε.ΣΥ.Λ. έως και το 2001.: με παραδείγματα και ασκήσεις /
|c Αριστοτέλης Γ.Κοντάκος.
|
| 260 |
|
|
|a Αθήνα :
|b Έλλην,
|c 2006
|
| 300 |
|
|
|a 517σ. :
|b πιν. ;
|c 24εκ.
|
| 504 |
|
|
|a Περιλαμβάνει βιβλιογραφία.
|
| 650 |
|
4 |
|a Λογιστική
|
| 942 |
|
|
|2 ddc
|
| 952 |
|
|
|0 0
|1 0
|2 ddc
|4 0
|6 657_000000000000000_ΚΟΝ
|7 0
|9 271350
|a MSLG
|b MSLG
|c BSC
|d 2021-01-17
|e 24
|f 0
|g 0.00
|l 0
|o 657 ΚΟΝ
|p 2420000022795
|r 2021-01-17 00:00:00
|t 1
|w 2021-01-17
|y BK15
|x 20071101 0 ΓΑΒΡΙΝΑ 1
|x GrPaTEI
|
| 952 |
|
|
|0 0
|1 0
|2 ddc
|4 0
|6 657_000000000000000_ΚΟΝ
|7 0
|9 271351
|a MSLG
|b MSLG
|c EUD
|d 2021-01-17
|e 24
|f 0
|g 0.00
|i 28848
|l 0
|o 657 ΚΟΝ
|p 99242000028848
|r 2021-01-17 00:00:00
|t 2
|w 2021-01-17
|y BK15
|x GrPaTEI
|
| 952 |
|
|
|0 0
|1 0
|2 ddc
|4 0
|6 657_000000000000000_ΚΟΝ
|7 0
|9 380683
|a MSLG
|b MSLG
|c ALF
|d 2024-05-29
|i 22300
|l 0
|o 657 ΚΟΝ
|p 2420000022300
|r 2024-05-29 00:00:00
|t 3
|w 2024-05-29
|y BK15
|
| 971 |
|
|
|a .b25788334
|b 15-04-20
|c 13-09-16
|
| 999 |
|
|
|c 156722
|d 156722
|